000 00287nam a2200109Ia 4500
001 589090
005 20250717120842.0
008 250717s9999 xx 000 0 und d
245 0 _aX-3 MESAJIN VAR KIRLANGIÇ
_cJULIA DONALDSON
260 _bBİNBİR ÇİÇEK YAYINLARI
_c2018
300 _b20
999 _c589090
_d589090